Technológia preťahovania

Na minha lista:
Detalhes bibliográficos
Autor principal: Drmlík, Ľudovít (Author)
Outros Autores: Martinovič, Jozef (Thesis advisor)
Formato: Manuscrito Livro
Idioma:eslovaco
Publicado em: 2020
Assuntos:
Acesso em linha:http://is.stuba.sk/zp/portal_zp.pl?podrobnosti=160312
Tags: Adicionar Tag
Sem tags, seja o primeiro a adicionar uma tag!

MARC

LEADER 00000ntm a22000003a 4500
001 stuzp78315
003 SK-STU
005 20200718210752.9
007 ta
008 150427s2015----xo-----f-mn---000-0-slo-d
040 |a STU  |b slo 
041 0 |a slo 
100 1 |a Drmlík, Ľudovít  |u 063000  |4 aut  |U MTF Materiálovotechnologická fakulta  |T MTF Ústav výrobných technológií  |X 91556  |U M3000  |Y 83  |7 91556 
242 0 1 |a Technology of Broaching  |y eng 
245 1 0 |a Technológia preťahovania 
260 |c 2020 
650 4 |a Preťahovanie  |2 slo 
650 4 |a Obrábanie  |2 slo 
650 4 |a Modelovanie  |2 slo 
650 4 |a Drážkovanie  |2 slo 
650 4 |a Slotting  |2 eng 
650 4 |a Machining  |2 eng 
650 4 |a Pull broaching  |2 eng 
650 4 |a Modeling  |2 eng 
700 1 |a Martinovič, Jozef  |4 ths  |X 93562  |7 93562 
856 4 |u http://is.stuba.sk/zp/portal_zp.pl?podrobnosti=160312 
996 |c M* BP-8805  |l MMSKP  |s P  |a 0  |w stuzp78315_0001